000
00276nam a2200121Ia 4500
008
241002s9999 xx 000 0 und d
082
_a
577 ROU
100
_a
Rougemont, Denis
245
0
_a
Passion and society
260
_a
London:
_c
N/A
600
_a
Literature
942
_c
UC
999
_c
18905
_d
18905